Zain ul-talib = Perhiasan penuntut : [ Mengandungi taharat, salat]

Bibliographic Details
Main Author: Muhammad Zain bin Haji Saruddin (Author)
Format: Book
Published: Brunei : Mega , 1979
Subjects:

MARC

LEADER 00000cam a2200000 7i4500
001 0000006968
005 20031224093000.0
090 0 0 |a BP184.4   |b .Z3 1979 
100 0 |a Muhammad Zain bin Haji Saruddin ,   |e author 
245 0 0 |a Zain ul-talib = Perhiasan penuntut :   |b [ Mengandungi taharat, salat]   |c Muhammad Zain hib Hani Saruddin 
260 2 |a Brunei :   |b Mega ,   |c 1979 
300 |a 250 ms. ;   |c 25 sm. 
650 0 |a Islamic law 
650 0 |a Islam   |x Customs and practices 
999 |a 1000005844   |b Book   |c OPEN SHELF (30 DAYS)   |e Gong Badak Campus 
999 |a 1000005845   |b Book   |c OPEN SHELF (30 DAYS)   |e Gong Badak Campus